01983nam a2200421Ia 450000500170000000800410001702000340005802000180009208200190011010000200012924500430014925000180019230000630021049000360027350502800030960000640058965000380065365100440069165100430073570000440077874000380082274000410086074000270090174000250092874000380095374000370099174000260102874000460105494200150110026400260111533600270114133700330116833800280120104000350122999900150126495201410127995201410142020220317001319.0161108s2010 ck a g 000 0 spa  a9789584465153 (Obra completa) a978958446519104a923.587 bB64l1 aLatino, Simón10aBolívar para niñoscSimón Latino a1a. edición a95 páginasbilustraciones, fotografías en colorc32 cm aBiblioteca colombiana ilustrada aCapítulo 1. Infancia y juventud de Bolívar -- Capítulo 2. Bolívar jura libertar a su patria -- Capítulo 3. Sus primeros triunfos -- Capítulo 4. Girardot y Ricaurte -- Capítulo 5. Bolívar Liberta a los esclavos -- Capítulo 6. Vida de Bolívar en los Llanos 14aBolivar, SimonxPensamiento político y1783 - 1830970537142LEMBaLibertadoresxBiografía 4 aColombia xPolítica y gobierno 932434 aColombia xHistoria ySiglo XIX9705391 aBarbero, Juan Carlosefotografo 970541 aInfancia y juventud de Bolívar  aBolívar jura libertar a su patria  aSus primeros triunfos  aGirardot y Ricaurte  aBolívar Liberta a los esclavos  aVida de Bolívar en los Llanos  aEl paso de los Andes  aBolívar liberta al Ecuador y al Perú  2ddccBKINF aBogotábStiloc2010 atextobtxt2rdacontent asin mediaciónbn2rdamedia avolumenbnc2rdacarrier aCO-BoRNBPbspaerdacCO-BoRNBP c6588d6588 001040708014aMEVIGERRbMEVIGERRcREFd2012-08-28oR 986.102 P17bpECA21390r2024-11-25 15:07:32tEj.2w2024-11-25yBKz15069 | 19703 001040708014aMEVIGERRbMEVIGERRcREFd2012-02-06oR 986.102 P17bpECA20509r2024-11-25 15:07:32tEj.1w2024-11-25yBKz15069 | 19702